Los jeroglíficos de Sir Thomas Browne
Gorde:
| Egile nagusia: | |
|---|---|
| Formatua: | Liburua |
| Hizkuntza: | gaztelania |
| Argitaratua: |
Ciudad de México
Fondo de Cultura Económica
2010
Ciudad de México Sexto Piso 2010 |
| Edizioa: | 1a. ed |
| Saila: | Colección Tezontle
|
| Gaiak: | |
| Etiketak: |
Etiketa erantsi
Etiketarik gabe, Izan zaitez lehena erregistro honi etiketa jartzen!
|
MARC
| LEADER | 00000cam a2200000 a 4500 | ||
|---|---|---|---|
| 001 | UCG6932 | ||
| 003 | CL-VaPUC | ||
| 008 | 110602e20100000MX |||||||||||||||||spa|d | ||
| 020 | |a 9786071604347 | ||
| 082 | 0 | 4 | |a 854 |b CAL |2 21 |
| 100 | 0 | |a Calasso, Roberto |e author |9 557411 | |
| 245 | 1 | 4 | |a Los jeroglíficos de Sir Thomas Browne |
| 250 | |a 1a. ed | ||
| 300 | |a 167 p | ||
| 942 | |c BK | ||
| 945 | |d 20110602 00:00:00 |a dcastane | ||
| 260 | |a Ciudad de México |b Fondo de Cultura Económica |c 2010 | ||
| 260 | |a Ciudad de México |b Sexto Piso |c 2010 | ||
| 650 | 0 | |a Literatura italiana |9 266970 | |
| 650 | 7 | |a ENSAYOS ITALIANOS |2 CL-VaPUC |9 313702 | |
| 650 | 0 | |a Filosofía italiana |9 265241 | |
| 583 | |a last modification |c 20111219 12:53:26 |k Rodrigo Vera | ||
| 490 | 0 | |a Colección Tezontle | |
| 999 | |c 345040 |d 345038 | ||
| 952 | |0 0 |1 0 |4 0 |6 854_000000000000000_CAL_2010_2010 |7 0 |8 A |9 443444 |a BIBART |b BIBART |d 2019-11-22 |i 4780701 |l 8 |o 854 CAL 2010 2010 |p 4780701 |r 2025-04-28 |s 2025-04-22 |w 2019-11-22 |y BK |k ART | ||
| 952 | |0 0 |1 0 |4 0 |6 854_000000000000000_CAL_2010_2010 |7 0 |8 A |9 443445 |a BIBART |b BIBART |d 2019-11-22 |i 4817818 |o 854 CAL 2010 2010 |p 4817818 |r 2025-03-13 |w 2019-11-22 |y BK |k ART | ||
| 952 | |0 0 |1 0 |4 0 |6 854_000000000000000_CAL_2010_2010 |7 0 |8 A |9 443446 |a BIBHIS |b BIBHIS |d 2019-11-22 |i 4803876 |o 854 CAL 2010 2010 |p 4803876 |r 2025-01-20 |w 2019-11-22 |y BK |k HIS | ||